One party democracy (Record no. 52608)

MARC details
000 -LEADER
fixed length control field 00606nam a2200169 a 4500
008 - FIXED-LENGTH DATA ELEMENTS--GENERAL INFORMATION
fixed length control field 120416s1967 ||||||||||||||||| || u
050 ## - LIBRARY OF CONGRESS CALL NUMBER
Classification number JQ 3523.A79 Cli
100 ## - MAIN ENTRY--PERSONAL NAME
Personal name Cliffe, Lionel
245 10 - TITLE STATEMENT
Title One party democracy
246 ## - VARYING FORM OF TITLE
Title proper/short title the 1965 Tanzania general elections
260 ## - PUBLICATION, DISTRIBUTION, ETC.
Place of publication, distribution, etc. Nairobi
Name of publisher, distributor, etc. East African Publishing House
Date of publication, distribution, etc. 1967
300 ## - PHYSICAL DESCRIPTION
Extent 470p. : ill.
350 ## - PRICE (NR) (BK AM CF MU VM SE) [OBSOLETE]
Price 0.00
650 ## - SUBJECT ADDED ENTRY--TOPICAL TERM
Topical term or geographic name entry element POLITICS
650 ## - SUBJECT ADDED ENTRY--TOPICAL TERM
Topical term or geographic name entry element TANZANIA--ONE- PARTY DEMOCRACY
995 ## - RECOMMENDATION 995 [LOCAL, UNIMARC FRANCE]
-- 0.00
-- CBU-MAIN LIBRARY (Kitwe)
-- 1
-- 0.00
-- 1
-- AVAILABLE
-- Annex Low-Usage Collection
Holdings
Withdrawn status Lost status Source of classification or shelving scheme Damaged status Not for loan Home library Current library Shelving location Date acquired Total Checkouts Full call number Barcode Date last seen Price effective from Koha item type
          CBU-MAIN LIBRARY, KITWE. CBU-MAIN LIBRARY, KITWE.   11/30/2022   JQ 3523.A79 Cli 009096 11/30/2022 11/30/2022 MONOGRAPH